| 000 | 00337nam a2200133Ia 4500 | ||
|---|---|---|---|
| 008 | 191201s2014 xx 000 0 und d | ||
| 100 | _aGUPTA, Sanjeev | ||
| 245 | 0 | _aElectronic Devices and Circuits | |
| 250 | _aRep | ||
| 260 |
_c2014 _bDhanpat Rai Pubns (P) Ltd _aNew Delhi |
||
| 300 | _amisc | ||
| 650 | _aECE 3RD SEM | ||
| 942 |
_2ddc _cBB |
||
| 999 |
_c7739 _d7739 |
||